[Event "Francophone-ch 1st"]
[Site "Hammamet "]
[Date "2010.04.25"]
[Round "1"]
[White "Crepin, Charles Antoine"]
[Black "Amdouni, Zoubaier"]
[Result "0-1"]
[WhiteElo "1444"]
[BlackElo "2257"]
[PlyCount "38"]
[EventDate "2010.04.25"]
[EventType "swiss"]
[EventRounds "9"]
[EventCountry "TUN"]
[SourceTitle "EXT 2011"]
[Source "ChessBase"]
[SourceDate "2010.11.26"]
[SourceVersion "1"]
[SourceVersionDate "2010.11.26"]
[SourceQuality "1"]

1. e4 e5 2. Nf3 Nc6 3. Bb5 a6 4. Bxc6 dxc6 5. d4 exd4 6. Qxd4 Qxd4 7. Nxd4 Nf6 8. Nc3 Bb4 9. f3 0-0 10. Bd2 Nd7 11. 0-0 Ne5 12. Bf4 Nc4 13. Rfe1 Bc5 14. Nce2 Rd8 15. c3 Nxb2 16. Bxc7 Rd7 17. Bg3 Na4 18. Rad1 Nxc3 19. Nxc3 Bxd4+ 0-1